Intercultural Communication in Legal Practice

Saved in:
Bibliographic Details
Main Author: Popelková, Ingrid, 1970-
Format: Book Chapter
Language:English
Subjects:
Tags: Add Tag
No Tags, Be the first to tag this record!

MARC

LEADER 00000naa$a2200000$$$4500
001 0186370
005 20240502083438.7
041 0 |a eng 
044 |a RU 
245 1 0 |a Intercultural Communication in Legal Practice  |c Ingrid Popelková 
610 2 0 |a právo 
610 2 0 |a komunikácia interkultúrna 
610 2 0 |a prekladatelia 
610 2 0 |a súdy 
100 1 |a Popelková, Ingrid, 1970-